Poznatky z kompozice při přestavbě centrálních částí našich měst /

Hlavní autor: Krásný, Jan, 1910-1985
Jazyk: Čeština
Vydáno: [Praha : Panorama], 1981
Fyzický popis: 8 s.
Knihy
Uloženo v:
LEADER 00750nam a22002172a 4500
001 001701208
003 CZ BrMZK
005 20190812144621.0
007 ta
008 190812s1981 xr er|||||||||||cze d
040 |a BOA001  |b cze  |e aacr2 
100 1 |a Krásný, Jan,  |d 1910-1985  |7 jk01062917  |4 aut 
245 1 0 |a Poznatky z kompozice při přestavbě centrálních částí našich měst /  |c Jan Krásný 
260 |a [Praha :  |b Panorama],  |c 1981 
300 |a 8 s. 
504 |a Obsahuje bibliografii 
772 0 8 |i Samostatná příloha seriálu:  |t Československý architekt,  |g 1981, č. 14-15 
910 |a BOA001  |b X2-0844.190 
990 |a BK 
991 |b 201908 
996 6 |b 2618825377  |c X2-0844.190  |l MZK  |r Sklad / do 24 hodin  |n 0  |w 001747959  |u 000010  |a 1  |e BOA001  |j MZK50  |s P